[Event "ICS rated blitz match"]
[Site "207.99.83.227"]
[Date "1999.04.22"]
[Round "?"]
[White "Tim"]
[Black "Hossa"]
[Result "1-0"]
[WhiteElo "2446"]
[BlackElo "2412"]
[Annotator "Fritz 5.32 (10s)"]
[PlyCount "70"]

1. d4 Nf6 2. f3 d5 3. e4 dxe4 4. Nc3 exf3 5. Nxf3 Bf5 6. Ne5 e6 7. g4 Be4 8.
Nxe4 Nxe4 9. Qf3 Qxd4 10. Qxf7+ Kd8 11. Qf4 Bb4+ 12. c3 Bxc3+ 13. bxc3 Qxc3+
14. Kd1 Qd4+ 15. Kc2 $146 (15. Bd3 Nf2+ 16. Ke2 Qxa1 (16... Qxf4 17. Bxf4 Nxd3
18. Rad1 Ke7 19. Bg5+ {1-0 Peilen M-Kruger Thomas/corr 1989 (19)}) 17. Bc4 Nxh1
18. Bxe6 Nd7 19. Nxd7 Qc3 20. Ne5 h6 21. Qe4 c6 22. Nf7+ Kc7 23. Bf4+ Kb6 24.
Be5 {1-0 Belanoff,S-Ralls,R/IECG 1997 (24)}) 15... Qxa1 16. Qxe4 Qxa2+ 17. Bb2
Rf8 18. Be2 Kc8 19. Qxh7 Rd8 20. Rd1 {Mit der Mattdrohung Rxd8} 20... Qa4+ 21.
Kc1 Qf4+ 22. Kb1 22... Re8 $14 (22... Nc6 $5 {muss unbedingt geprueft werden}
23. Rxd8+ Nxd8 24. Qxg7 Qe4+ 25. Bd3 25... Qd5 $11) 23. Qg6 {Es droht Matt}
23... Qf8 24. Bc4 Qg8 25. Rf1 {Droht entscheidend Bxe6} 25... Nd7 (25... b5 26.
Bxb5 26... Rd8 $18) 26. Nxd7 Kxd7 27. Rf7+ (27. Qxg7+ Qxg7 28. Bxg7 28... a6
$14) (27. Bxg7 $6 {ist sichtlich schlechter} 27... Rad8 28. Rf7+ Kc8 29. Bxe6+
29... Kb8 $16) 27... Qxf7 {Schwarz kann das gewonnene Material nicht behalten}
28. Qxf7+ Re7 (28... Kd6 {ist der letzte Rettungsanker} 29. Qxg7 29... Kc6 $18)
29. Bxe6+ $1 {Boing!} 29... Kd6 30. Ba3+ (30. Qf4+ Kxe6 31. Qf5+ Kd6 32. Ba3+
c5 33. Qxc5+ Kd7 34. Qd6+ Kc8 35. Qxe7 b5 36. Bd6 a5 37. Qc7#) 30... c5 31.
Bxc5+ $1 {triumphiert} 31... Kxc5 32. Qxe7+ Kb6 33. Bd5 (33. Qd6+ Kb5 34. Bf5
Rc8 35. Bxc8 a6 36. Bxb7 Kc4 37. Kc2 Kb5 38. Kb3 a5 39. Ba6#) 33... Rh8 34.
Qxb7+ Kc5 35. Qxg7 Rb8+ 1-0

[Event "ICS rated blitz match"]
[Site "207.99.83.227"]
[Date "1999.04.22"]
[Round "?"]
[White "Hossa"]
[Black "supernerd"]
[Result "1-0"]
[WhiteElo "2398"]
[BlackElo "2241"]
[Annotator "Fritz 5.32 (120s)"]
[PlyCount "81"]

1. e4 c5 2. Nf3 d6 3. Nc3 Nc6 4. d4 cxd4 5. Nxd4 g6 6. Bb5 Bd7 7. O-O Bg7 8.
Be3 Nf6 9. Qd2 $15 (9. f3 9... O-O $11) (9. f4 a6 10. Bd3 Ng4 11. Nxc6 bxc6 12.
Qe2 Nxe3 13. Qxe3 c5 14. Qe2 Qa5 15. Qd2 Rb8 16. Rab1 O-O 17. Rfd1 Bxc3 18.
Qxc3 Qxa2 19. Bc4 Qa4 20. Ra1 Qc6 21. Rxa6 Qxe4 22. Re1 Qxf4 23. Rxe7 Bb5 24.
Bxb5 Rxb5 25. Rd7 Qc1+ 26. Kf2 Rxb2 27. Qf6 Qxc2+ 28. Kg3 28... Qxg2+ {
0-1 Pena Romero,K-Mohammad Karimi,P/WchJW-U18 Szeged 1994 (28)}) 9... Ng4 10.
Bxc6 10... bxc6 {Deckt b5} 11. Bg5 h6 12. Bh4 Rb8 (12... Bxd4 13. Qxd4 e5 14.
Qxd6 (14. Bxd8 $143 14... exd4 15. Ba5 15... dxc3 $19) 14... Qxh4 15. h3 $15)
13. b3 Qa5 14. Rad1 $17 (14. Rfd1 $5 $15 {bedarf naeherer Analyse}) 14... g5
$11 (14... Nxh2 $5 $142 15. Rfe1 15... g5 $19) 15. Bg3 O-O (15... c5 16. Nde2
$11) 16. f3 16... Ne5 $14 (16... Bxd4+ 17. Qxd4 Rb4 18. Qd2 Qb6+ 19. Bf2 Nxf2
20. Rxf2 $14) 17. f4 $11 (17. Nd5 $1 17... Qd8 18. Ne3 $14) 17... gxf4 18. Bxf4
Kh7 (18... Ng4 19. Bg3 $11) 19. Nde2 (19. Nce2 Qxd2 (19... Qxa2 $4 {
der Bauer ist nicht zu nehmen} 20. Ra1 Qb2 21. Rfb1 (21. Rxa7 $6 {
ist minderwertig} 21... Ra8 22. Rc7 22... Rad8 $14) 21... Qxb1+ 22. Rxb1 $18)
20. Rxd2 20... c5 $14) 19... Bg4 (19... Ng6 20. Be3 $15) 20. a4 $15 (20. h3 $5
20... Bh5 21. g4 $11) 20... Rbd8 $11 (20... Ng6 21. Rc1 $15) 21. Qe3 Be6 (21...
Ng6 22. h3 Bxc3 23. hxg4 Nxf4 24. Rxf4 $15) 22. Kh1 Qb6 23. Nd4 Bg4 24. Rd2 (
24. Nce2 24... Rg8 $11) 24... Bd7 (24... Ng6 25. Bg3 $15) 25. Qg1 Ng4 26. Bg3
Be5 27. Bxe5 27... Nxe5 {Der Springer kann schlecht vertrieben werden} 28. Qe3
Rg8 29. Rf4 $15 (29. Nd1 29... Bc8 $11) 29... Rg6 $11 (29... Rg7 30. Nd1 $15)
30. Rh4 $15 (30. Nd1 30... Rg7 $11) 30... Rdg8 31. Qf4 Qc5 32. Nce2 $2 $19 (32.
Nf5 $5 $142 {und Weiss spielt mit} 32... Ng4 33. h3 (33. Nxe7 $4 {
das Schlagen des Bauern ist schlecht} 33... Qxc3 34. g3 34... Ne3 $19) 33...
Qxc3 34. hxg4 Bxf5 35. exf5 $11) 32... f6 $4 $14 {wirft den Vorteil weg} (32...
Ng4 $142 {und aller Vorteil laege nun bei Schwarz} 33. Qxf7+ 33... R8g7 $19)
33. Ng3 $11 (33. Nf5 Bxf5 34. exf5 34... Rg5 $14) 33... Ng4 $14 (33... e6 34.
Nh5 Rf8 35. Qf2 $11) 34. Ndf5 {Im Brennpunkt: h6} (34. Ngf5 Qc3 35. Rd1 Bxf5
36. exf5 36... Rg5 $14) 34... Bxf5 35. Nxf5 (35. Qxf5 Qe3 36. Re2 Qc1+ 37. Qf1
Qxf1+ 38. Nxf1 38... a6 $11) 35... Qc3 {Droht Matt} 36. Rd1 36... Qxc2 {
Droht Matt: Qxd1} 37. Qxg4 $15 (37. Rf1 e6 (37... Qxb3 $2 {ist falsch} 38. Qxg4
e6 39. Qh5 exf5 40. exf5 $18) 38. Rxg4 exf5 39. Qxf5 39... Qe2 $14) 37... e6 (
37... Rxg4 $4 {zu gefraessig} 38. Rxh6#) 38. Rxd6 (38. Rg1 exf5 (38... Rxg4 {
wie erging es noch Kieseritzky?} 39. Rxh6#) 39. Qxf5 39... Qxb3 $11) 38... exf5
{Es droht Matt} (38... Rxg4 $4 {Schwarz denkt nur an das Material} 39. Rxh6#)
39. Rd7+ 39... R8g7 $16 (39... Kh8 $5 $142 {ist zu erwaegen} 40. Qf3 fxe4 41.
Rxe4 Qxg2+ 42. Qxg2 42... Rxg2 $11) 40. Rxh6+ Kg8 41. Rxg6 (41. Rxg6 fxg4 42.
Rgxg7+ (42. Rdxg7+ $6 42... Kf8 43. h4 43... gxh3 $11) 42... Kf8 43. Rgf7+ Ke8
44. Rfe7+ Kf8 45. Kg1 $11) 1-0

[Event "ICS rated blitz match"]
[Site "207.99.83.227"]
[Date "1999.04.22"]
[Round "?"]
[White "supernerd"]
[Black "Hossa"]
[Result "0-1"]
[WhiteElo "2232"]
[BlackElo "2407"]
[Annotator "Fritz 5.32 (120s)"]
[PlyCount "80"]

1. e4 c5 2. d3 e5 3. Nc3 Nc6 4. g3 Nf6 5. Bg2 Be7 6. Nge2 d6 7. O-O 7... h5
$146 (7... O-O 8. h3 Nd4 9. f4 b6 10. g4 Bb7 11. Ng3 exf4 12. Bxf4 Ne8 13. Qd2
Ne6 14. Be3 Bf6 15. Nf5 Be5 16. Rf2 N8c7 17. Raf1 Nd4 18. Bxd4 cxd4 19. Ne2 Ne6
20. c3 dxc3 21. bxc3 Rc8 22. h4 Rc7 23. d4 Bf6 24. g5 Nxg5 25. hxg5 Bxg5 26.
Qd3 g6 27. Ne3 Qc8 28. e5 Ba6 29. Qe4 dxe5 30. Nd5 f5 31. Qxe5 Rcf7 32. Qg3 Qd8
33. Ndf4 Bc4 34. d5 Bh4 35. Qf3 Bxf2+ 36. Rxf2 Qf6 37. Nd4 Rd7 38. Bf1 Bxf1 39.
Kxf1 Re8 40. Re2 Rxe2 41. Qxe2 Qe7 42. Nde6 {
Balashov,Y-Dvoirys,S/Dortmund op 1991/1-0 (57)}) (7... Nd4 8. h3 Bd7 9. f4 h5
10. f5 Bc6 11. Nd5 Nxd5 12. exd5 Bd7 13. Nxd4 cxd4 14. h4 Qb6 15. Kh2 O-O-O 16.
c4 dxc3 17. bxc3 Kb8 18. Qb3 Qxb3 19. axb3 Rc8 20. c4 Rc7 21. Be4 Rhc8 22. Be3
b6 23. Ra6 Rg8 24. Bxb6 axb6 25. Rfa1 Rcc8 26. Ra7 Bd8 27. Rxd7 Rc7 28. Rxd6
Rb7 29. Rc6 Ra7 30. Rxa7 Kxa7 31. d6 g5 32. Rc8 {
1-0 Kontic,V-(YUG),P/Zlatibor (Yugoslavia) 1989 (32)}) 8. h3 {
Verwehrt dem Gegner g4} 8... h4 9. g4 Nxg4 10. hxg4 Bxg4 11. Kh2 11... h3 {
Schwarz hat einen starken Freibauern} 12. Bh1 Nd4 13. f3 Be6 14. Nxd4 $11 (14.
Nd5 $5 $14) 14... exd4 $14 {Schwarz erobert Raum} (14... cxd4 $5 15. Nd5 15...
Rc8 $14) 15. Nd5 {Der Springer steht aktiv} 15... Bxd5 $16 (15... Bh4 16. Rg1
$14) 16. exd5 Qd7 17. f4 O-O-O 18. Qf3 (18. Rg1 18... Rdg8 $16) 18... Bf6 19.
Bd2 Rde8 20. Rae1 (20. b4 20... Qa4 $14) 20... Rxe1 21. Rxe1 Kb8 22. b4 Qa4 23.
bxc5 Qxc2 (23... dxc5 $4 {der kann natuerlich nicht genommen werden} 24. d6 Qc6
25. Qxc6 bxc6 26. Bxc6 $18) 24. Qe2 dxc5 25. d6 {Auf den muss Schwarz aufpassen
} 25... Qa4 $4 $18 (25... Rd8 $14 $142 {geht wohl noch}) 26. Rb1 {
Droht Matt: Rxb7} 26... Qd7 (26... Re8 {waere gleichermassen fruchtlos} 27. Qf3
$1 {entscheidend} 27... Re2+ 28. Kg3 Rg2+ 29. Bxg2 Bh4+ 30. Kxh4 g5+ 31. fxg5
Kc8 32. Qxb7+ Kd8 33. Qc7+ Ke8 34. Rb8#) 27. Qf3 Kc8 28. Rxb7 28... Qxd6 {
Weiss darf nun die Drohung Rd8 nicht uebersehen} 29. Rxf7 29... Be7 {
Schwarz zwingt den Gegner mit starken Drohungen nieder} 30. Ba5 (30. Qb7+ Kd8
31. Bc6 Qxc6 32. Qxc6 c4 33. Ba5#) 30... Kd7 {
Weiss darf Schwarz nun nicht zu Rb8 kommen lassen} 31. Qg4+ $18 (31. Qb7+ Ke8
32. Bd5 Qd7 33. Qa8+ Bd8 34. Bxd8 Qxd5 35. Qxd5 c4 36. Qd7#) 31... Ke8 32. Rxg7
{Droht Matt. Die Oeffnung der g-Linie verschafft Weiss Drohungen} ({Dagegen} 
32. Qxg7 32... Bf8 33. Qxh8 Kxf7 34. Qh7+ Bg7 35. Qf5+ 35... Ke7 $18) 32... Kf8
33. Rg6 {Droht Matt: Qf5} 33... Bf6 {Wenn Schwarz jetzt zu Ke8 kaeme...} 34.
Qf5 {Mit der Mattdrohung Rxf6} 34... Ke7 {
Wenn Schwarz nun zu Qe6 kommt, geht es ihm besser} 35. Bd5 {Es droht Matt}
35... Rf8 36. Rh6 (36. Qe4+ $142 {damit wuerde Weiss es sich noch erleichtern}
36... Kd7 37. Rh6 Kc8 38. Qf5+ 38... Kb8 $18) 36... Rf7 37. Bxf7 {
Mit der Mattdrohung Bg8} 37... Kxf7 {Schwarz droht, mit Qe7 kontern} 38. Rh7+
Kf8 39. Bc7 Qc6 40. Bd8 Qg2# 0-1

[Event "ICS rated bullet match"]
[Site "207.99.83.227"]
[Date "1999.04.22"]
[Round "?"]
[White "TDChess"]
[Black "Hossa"]
[Result "1/2-1/2"]
[WhiteElo "2545"]
[BlackElo "2443"]
[Annotator "Fritz 5.32 (120s)"]
[PlyCount "118"]

1. d4 e6 2. Nf3 Nf6 3. e3 c5 4. Bd3 cxd4 5. exd4 5... Bb4+ $146 (5... b6 6. Qe2
Bb7 7. O-O Be7 8. Re1 O-O 9. c3 d6 10. Nbd2 Nbd7 11. a4 a6 12. Nf1 Re8 13. Bg5
Nf8 14. N3d2 Nd5 15. Bxe7 Qxe7 16. Qg4 Qc7 17. Ne3 Nf6 18. Qg3 Ng6 19. Ng4 Nxg4
20. Qxg4 {Anic,D-Lecuyer,C/FRA-chT 1991/1-0 (50)}) (5... Be7 6. O-O O-O 7. c4
d5 8. b3 b6 (8... dxc4 9. bxc4 Nc6 10. Nc3 b6 11. Bb2 Bb7 12. Rc1 Rc8 13. Re1
Na5 14. Nb1 Rc7 15. Nbd2 Bb4 16. Ne5 Qd6 17. Re3 Rfc8 18. Rh3 Bxd2 19. Qxd2 Be4
20. Ng4 Nxg4 21. Bxe4 Nf6 22. Qd3 Nxe4 23. Qxe4 h6 24. Ba3 Qd7 25. c5 Nb7 26.
Qg4 f5 27. Qg6 Qf7 28. Rxh6 Qxg6 29. Rxg6 Kf7 30. Rg3 bxc5 31. dxc5 Nxc5 32.
Rgc3 Na6 33. Bb2 Rxc3 34. Rxc3 Rd8 35. g3 35... Rd1+ {
- Kemp,P-Goris,A/Open, St Helier JER 1998 (35)}) 9. Nbd2 Bb7 10. Bb2 Ne4 11.
Ne5 Nxd2 12. Qxd2 Nd7 13. f4 Rc8 14. Rae1 Rc7 15. Qe2 g6 16. Qe3 Nf6 17. f5
exf5 18. Bxf5 gxf5 19. Qg5+ Kh8 20. Rxf5 {
Lobron,E-Karpov,A/Chess Classic, Frankfurt GER 1997/0-1 (30)}) 6. c3 Be7 7. O-O
7... O-O $14 (7... d5 8. Re1 $11) 8. Qa4 d5 9. Ne5 Nbd7 10. Re1 10... Nb6 $14 (
10... Nxe5 11. dxe5 Nd7 12. Qc2 $11) 11. Qb3 Bd7 12. a4 Bc8 13. Bg5 13... Nfd7
$16 (13... Nbd7 $5 $14) 14. Bxe7 Qxe7 15. Nxd7 Bxd7 16. a5 Nc4 17. Qxb7 Rab8
18. Qxd5 {Damit entsteht ein starker Freibauer} 18... Nxb2 19. Bc2 19... exd5 {
Es droht Matt} 20. Rxe7 Rfe8 21. Rxe8+ $1 {zementiert den Vorteil} 21... Rxe8 {
Droht Matt} 22. Na3 a6 23. Bb3 Be6 (23... Rc8 24. Bxd5 Rxc3 25. Bb7 $16) 24.
Re1 Rc8 25. Re3 Kh8 26. f4 g6 27. Kf1 Kg7 28. Ke1 (28. Ke2 Rb8 29. Bc2 29... h6
$16) 28... Rb8 29. Ba2 (29. Bc2 29... Bf5 $14) 29... Rc8 $16 (29... Kf6 $5 $14
$142 {kam sehr in Betracht}) 30. Nc2 (30. Kd2 30... h6 $18) 30... Rd8 (30...
Rb8 31. Nb4 Rb5 32. Nxa6 Rxa5 33. Nb4 $16) 31. Nb4 Rd6 32. g4 h6 33. f5 gxf5
34. gxf5 Bxf5 35. Bxd5 Be6 36. Rg3+ $16 (36. Bxe6 fxe6 37. Re5 37... Kf6 $18)
36... Kh7 $18 (36... Kf8 $5 37. Bb7 37... Bc4 $16) 37. Bb7 Bc4 38. Bc8 (38. Kd2
Bb5 39. Bd5 Nc4+ 40. Bxc4 40... Bxc4 $18) 38... Rf6 (38... Bb5 39. Bf5+ Kh8 40.
h4 $16) 39. Bh3 (39. Rg2 Nd3+ 40. Nxd3 40... Bxd3 $18) 39... Rf4 40. Bg2 Rh4
41. Nd5 {Mit der Mattdrohung Nf6} 41... Bxd5 42. Bxd5 Rxh2 43. Bxf7 h5 44. Kf1
h4 45. Re3 (45. Rg4 Rh3 46. Bg8+ 46... Kh6 $18) 45... Nd1 46. Rf3 Nb2 47. Bb3
Kg6 48. Re3 (48. Rf2 Rxf2+ 49. Kxf2 49... Kg5 $18) 48... Kg5 49. Re5+ Kf4 50.
Re6 $16 (50. Kg1 50... Rd2 $18) 50... h3 51. Rxa6 $11 (51. Rf6+ $5 $142 51...
Ke3 52. Bd5 $16) 51... Rh1+ 52. Ke2 Rh2+ 53. Ke1 Nd3+ 54. Kd1 Nb2+ 55. Kc1 Nd3+
56. Kd1 Nb2+ 57. Kc1 Nd3+ 58. Kd1 Nb2+ 59. Kc1 Nd3+ 1/2-1/2

[Event "ICS rated blitz match"]
[Site "207.99.83.227"]
[Date "1999.04.22"]
[Round "?"]
[White "Hossa"]
[Black "supernerd"]
[Result "1/2-1/2"]
[WhiteElo "2416"]
[BlackElo "2238"]
[Annotator "Fritz 5.32 (120s)"]
[PlyCount "134"]

1. d4 Nf6 2. f3 d5 3. e4 dxe4 4. Nc3 exf3 5. Nxf3 e6 6. Bc4 Nbd7 7. O-O Be7 8.
Bg5 O-O 9. Qd2 $17 (9. Qe2 9... a6 $15) (9. Qe1 c6 10. Rd1 Nb6 11. Bd3 Nbd5 12.
Nxd5 cxd5 13. Qh4 g6 14. Ne5 h6 15. Bxf6 Bxf6 16. Rxf6 Kg7 17. Rxf7+ Kg8 18.
Rdf1 Rxf7 19. Qxd8+ {1-0 Breunig-Sprenkman/corres DDR 1988 (19)}) 9... a6 {
Kontrolliert b5} 10. Rae1 10... c6 $15 {Ueberdeckt b5} (10... b5 11. Bd3 $15)
11. Qf4 b5 12. Bb3 (12. Bd3 12... Bb7 $15) 12... Bb7 13. a4 $17 (13. Ne4 c5 14.
Nxc5 Nxc5 15. dxc5 Bxc5+ 16. Kh1 16... h6 $15) 13... b4 $15 (13... c5 14. Kh1
$17) 14. Na2 $17 (14. Ne4 c5 15. Nxc5 Nxc5 16. dxc5 Bxc5+ 17. Kh1 17... h6 $17)
14... a5 15. Qg3 $19 (15. Nc1 $5 $17) 15... Nd5 $4 $11 {
danach kann Schwarz alle Traeume begraben} (15... c5 $19 $142 {
nun kommt Schwarz in Vorteil}) 16. Bh6 {Mit der Mattdrohung Qxg7} 16... Bf6 17.
c4 $4 $17 {danach kann Weiss alle Traeume begraben} (17. Ne5 $16 $142) 17...
bxc3 18. bxc3 (18. Nxc3 18... Qb6 $17) 18... Kh8 19. Bg5 19... Bxg5 $11 (19...
Ba6 $5 $142 20. Bxf6 20... N5xf6 $19 (20... Qxf6 $143 21. Ne5 Qe7 22. Nxc6 $11)
(20... N7xf6 $6 21. c4 $17)) 20. Nxg5 N7f6 21. Qh4 h6 22. c4 22... Nb4 {
Der Springer dominiert} 23. Nc3 Kg8 24. Nf3 Nd7 25. Qh3 Qc7 (25... c5 26. Nb5
$17) 26. Nd2 (26. Re3 26... Rad8 $17) 26... Rae8 (26... Rad8 27. Qh5 $17) 27.
Qg4 (27. c5 Ba6 28. Rf3 28... e5 $15) 27... c5 28. d5 exd5 29. Nxd5 $19 (29.
Rxe8 $5 29... Rxe8 30. cxd5 $17) 29... Nxd5 30. cxd5 {Droht Rxe8} 30... Ne5 $17
(30... Nf6 $5 $142 31. Qf5 Rxe1 32. Rxe1 32... Rd8 $19) 31. Qg3 c4 32. Bxc4
32... Qb6+ $11 (32... Qc5+ $5 $142 33. Qf2 Qxf2+ 34. Kxf2 34... Bxd5 $17) 33.
Qf2 $2 $17 (33. Kh1 $5 $142 {und Weiss kann noch kaempfen} 33... Nxc4 34. Rxe8
Rxe8 35. Nxc4 $15) 33... Qxf2+ 34. Kxf2 Nxc4 35. Nxc4 Bxd5 36. Nb6 (36. Nxa5 $2
{scheitert an} 36... Ra8 $19) 36... Rd8 (36... Rxe1 37. Rxe1 Be6 38. Re5 $17)
37. Re5 37... Bb3 $15 (37... Bc6 $5 38. Rxa5 Rd2+ 39. Ke1 39... Ra2 $17) 38.
Rxa5 (38. Rb5 38... Rd3 $11) 38... Rd2+ 39. Kg3 $17 (39. Ke3 Rfd8 40. Rc1 R8d3+
41. Ke4 g6 42. Ra8+ 42... Kg7 $17) 39... Rb8 40. Rb5 Bxa4 41. Rd5 Rxd5 42. Nxd5
Bb3 43. Ne7+ Kh7 44. Nc6 Ra8 45. h3 Be6 46. h4 Ra2 47. Rd1 h5 48. Rd8 48... Ra4
{Schwarz ergreift die Initiative} 49. Nd4 Bg4 50. Nc6 Ra3+ 51. Kh2 f6 52. Rf8
Ra2 53. Kg3 Be6 54. Rd8 Bf5 55. Nb4 Rb2 56. Nd5 Be4 57. Nf4 g5 (57... Rb5 58.
Rd4 Bb7 59. Rd8 $17) 58. Rd7+ (58. hxg5 fxg5 59. Rd7+ Kh8 60. Nxh5 Rxg2+ (60...
Bxg2 $2 61. Nf6 Rb7 62. Rd8+ (62. Kxg2 $6 62... Rxd7 63. Nxd7 63... Kg7 $11)
62... Kg7 63. Ne8+ Kg6 64. Kxg2 $18) 61. Kh3 Bf5+ 62. Kxg2 62... Bxd7 $11)
58... Kg8 $15 (58... Kh6 59. hxg5+ Kxg5 60. Rg7+ Kf5 61. Nxh5 Rxg2+ 62. Kh3
Rxg7 63. Nxg7+ 63... Ke5 $11) 59. hxg5 fxg5 60. Nxh5 Rxg2+ 61. Kh3 g4+ 62. Kh4
Bf3 (62... Bf5 63. Nf6+ Kf8 64. Rd4 $15) 63. Nf6+ {
Uebt Druck auf den Isolani g4 aus} 63... Kf8 64. Nh7+ Ke8 65. Nf6+ Kf8 66. Nh7+
Ke8 67. Nf6+ Kf8 1/2-1/2

[Event "ICS Rated blitz match"]
[Site "207.99.83.227"]
[Date "1999.04.22"]
[Round "?"]
[White "supernerd"]
[Black "Hossa"]
[Result "0-1"]
[WhiteElo "2246"]
[BlackElo "2408"]
[PlyCount "70"]

1. e4 c5 2. c3 e6 3. d4 cxd4 4. cxd4 Nf6 5. Nc3 Bb4 6. Bd3 O-O 7. Bd2 d5 8. e5
Bxc3 9. bxc3 Ne4 10. Bxe4 dxe4 11. Ne2 b6 12. O-O Bb7 13. Re1 Qh4 14. Ng3 f6
15. exf6 Qxf6 16. Be3 Qh4 17. h3 Nd7 18. Qd2 Qf6 19. Bg5 Qg6 20. h4 h6 21. Be7
Rf7 22. Bd6 Qg4 23. h5 Rc8 24. Rac1 Bd5 25. Rc2 Rc6 26. Ba3 Nf6 27. Qe2 Qh4 28.
c4 Ng4 29. Nf1 Rxf2 30. Qxf2 Nxf2 31. Rxf2 Rxc4 32. Ne3 Rxd4 33. Ref1 Rd3 34.
Rf4 Qxh5 35. Ng4 35... Rxa3 {supernerd resigns} 0-1

[Event "ICS Rated blitz match"]
[Site "207.99.83.227"]
[Date "1999.04.22"]
[Round "?"]
[White "Hossa"]
[Black "rajah"]
[Result "1-0"]
[WhiteElo "2417"]
[BlackElo "2469"]
[PlyCount "111"]

1. c4 e5 2. Nc3 Nf6 3. Nf3 Nc6 4. e4 Bb4 5. d3 d6 6. Be2 Bxc3+ 7. bxc3 O-O 8.
O-O Bg4 9. Rb1 b6 10. Ng5 Bxe2 11. Qxe2 h6 12. Nh3 Qd7 13. f4 Rfe8 14. fxe5
Nxe5 15. Bxh6 Nxe4 16. Qxe4 gxh6 17. Qh4 Qg4 18. Qxh6 Qg6 19. Qxg6+ fxg6 20.
Rbd1 Re7 21. Ng5 Rf8 22. Rde1 Rxf1+ 23. Kxf1 Kf8 24. Re3 Ng4 25. Rxe7 Kxe7 26.
h3 Ne3+ 27. Kg1 Nd1 28. Ne4 c6 29. Kf1 d5 30. cxd5 cxd5 31. Ke2 dxe4 32. Kxd1
exd3 33. Kd2 g5 34. g3 Kf6 35. Kxd3 Ke5 36. c4 a6 37. Ke3 a5 38. a4 Ke6 39. Kd4
Kd6 40. h4 g4 41. Ke4 Ke7 42. h5 Ke6 43. Kf4 Kf6 44. Kxg4 Kf7 45. Kf5 Ke8 46.
g4 Ke7 47. g5 Ke8 48. h6 Kf8 49. g6 Kg8 50. Kf6 Kf8 51. g7+ Ke8 52. g8=Q+ Kd7
53. h7 Kc7 54. h8=Q Kb7 55. Qc8+ Ka7 56. Qa8# {rajah checkmated} 1-0

[Event "ICS rated blitz match"]
[Site "207.99.83.227"]
[Date "1999.04.22"]
[Round "?"]
[White "Hossa"]
[Black "cstaly"]
[Result "1-0"]
[WhiteElo "2441"]
[BlackElo "2370"]
[PlyCount "89"]

1. c4 Nf6 2. d4 e6 3. e3 d5 4. Nf3 Nc6 5. cxd5 exd5 6. Bb5 Bd6 7. Bxc6+ bxc6 8.
Qc2 Qd7 9. O-O Ba6 10. Rd1 O-O 11. Nc3 Rfb8 12. Na4 Ne4 13. Ne5 Bxe5 14. dxe5
Rb4 15. b3 Rxa4 16. bxa4 Rd8 17. Bb2 Re8 18. Qxe4 Be2 19. Rd2 Qc8 20. Qd4 Qa6
21. Rc1 Re6 22. Ba3 Re8 23. Bc5 Kh8 24. Bxa7 Bc4 25. Bc5 Qxa4 26. Rb2 Qa5 27.
a3 h6 28. Rb7 Rc8 29. Ra7 Qb5 30. a4 Qb8 31. a5 Qb5 32. Kh1 Bd3 33. a6 Be4 34.
Qd2 Qa4 35. Kg1 Qb5 36. f3 Bf5 37. Kh1 Bd3 38. Qc3 Bc4 39. Qd4 Qa5 40. Kg1 Bb5
41. Ra1 Ba4 42. Kf2 h5 43. Rxa4 Qb5 44. Rb7 Rg8 45. Rxb5 {cstaly resigns} 1-0

[Event "ICS rated bullet match"]
[Site "207.99.83.227"]
[Date "1999.04.22"]
[Round "?"]
[White "Hossa"]
[Black "jo"]
[Result "1-0"]
[WhiteElo "2448"]
[BlackElo "2200"]
[PlyCount "103"]

1. d4 a5 2. e4 a4 3. Nf3 h5 4. Bd3 h4 5. Nc3 h3 6. Rg1 a3 7. bxa3 hxg2 8. Rxg2
b6 9. Bf4 Ba6 10. Nd5 d6 11. Qd2 e6 12. Nb4 Bb7 13. Bg5 Qc8 14. Qe3 Nd7 15. c4
Rxa3 16. Nc2 Ra8 17. Rg1 g6 18. Qe2 Bh6 19. Bxh6 Nxh6 20. Qe3 Ng8 21. Rg2 Ba6
22. Qe2 Bb7 23. Ng5 Ra5 24. Ne3 Qa8 25. f4 Ra3 26. Qd2 Qa5 27. Qxa5 Rxa5 28.
Ng4 Ke7 29. a4 Bc6 30. Bc2 Ngf6 31. Nxf6 Nxf6 32. d5 Bd7 33. Re2 Rh4 34. e5
dxe5 35. fxe5 Ne8 36. Rf2 f6 37. Nxe6 Bxe6 38. exf6+ Nxf6 39. dxe6 g5 40. Re2
g4 41. O-O-O Rc5 42. Bb3 Rh3 43. Kb2 Rch5 44. Rdd2 Rf5 45. Bc2 Rc5 46. Bd3 Rc6
47. Bf5 Rxc4 48. Rd7+ Ke8 49. Bg6+ Kf8 50. e7+ Kg8 51. e8=Q+ Nxe8 52. Rxe8# {
jo checkmated} 1-0

[Event "ICS rated blitz match"]
[Site "207.99.83.227"]
[Date "1999.04.22"]
[Round "?"]
[White "ctrlaltdel"]
[Black "Hossa"]
[Result "1/2-1/2"]
[WhiteElo "2200"]
[BlackElo "2454"]
[PlyCount "113"]

1. e4 c5 2. Nf3 Nc6 3. Bb5 d6 4. O-O e5 5. d3 Be7 6. Nc3 Nf6 7. Bg5 O-O 8. Bc4
Bg4 9. h3 Be6 10. Bxf6 Bxf6 11. Qd2 Ne7 12. Rae1 Qd7 13. a3 Bxh3 14. gxh3 Qxh3
15. Nh2 Rae8 16. Nb5 Nc8 17. Nc7 Re7 18. Nd5 Re6 19. Qe3 Qh5 20. Qf3 Qh6 21.
Ng4 Qg6 22. Nde3 Ree8 23. Qf5 Kh8 24. Qxg6 fxg6 25. Nxf6 Rxf6 26. Nd5 Rf3 27.
Bb5 Rd8 28. Re3 Rf7 29. Bc4 Rdf8 30. Rg3 a6 31. Kg2 a5 32. b3 a4 33. bxa4 Re8
34. Ne3 Rf6 35. Rb1 b6 36. Nd5 Rff8 37. Rxg6 Rf7 38. Nxb6 Rb7 39. a5 Rd8 40. a4
Ne7 41. Rg4 Ra7 42. Bb5 Rxa5 43. Nc4 Ra7 44. Rh1 Nc8 45. Rgh4 h6 46. Rh5 Rf7
47. Kg3 Rdf8 48. R1h2 Rf3+ 49. Kg2 Rxf2+ 50. Kg1 Rf1+ 51. Kg2 R1f2+ 52. Kg1
Rf1+ 53. Kg2 R1f2+ 54. Kg3 R2f3+ 55. Kg2 Rf2+ 56. Kg1 Rf1+ 57. Kg2 {
Game drawn by repetition} 1/2-1/2

[Event "ICS rated blitz match"]
[Site "207.99.83.227"]
[Date "1999.04.22"]
[Round "?"]
[White "Hossa"]
[Black "ctrlaltdel"]
[Result "0-1"]
[WhiteElo "2454"]
[BlackElo "2331"]
[Annotator "Crafty v16.6"]
[PlyCount "156"]

{annotating for player Hossa using a scoring margin of +0.10 pawns. search
time limit is 10.00} 1. c4 1... e5 2. Nc3 Nf6 3. Nf3 Nc6 4. e4 ({9:-0.42} 4. e4
4... Bc5 5. Be2 O-O 6. O-O Re8 7. d3 Nd4 8. Bg5 $15) ({9:-0.29} 4. e3 4... Bb4
5. Be2 e4 6. Nh4 O-O 7. O-O d5 8. cxd5 8... Nxd5 $10) 4... Bc5 5. Be2 d6 6. O-O
O-O 7. d3 Bg4 8. Na4 ({8:-0.32} 8. Na4 8... b6 9. Bg5 Qe7 10. Qd2 Qe6 11. Nxc5
bxc5 12. Rae1 $15) ({8:-0.02} 8. Bg5 8... Be6 9. Nd5 Bxd5 10. cxd5 Nd4 11. Nxd4
Bxd4 12. Qd2 12... Qe7 $10) 8... Bxf3 9. Bxf3 Bd4 10. Bg5 h6 11. Bh4 g5 12. Bg3
Qd7 13. Nc3 Bb6 14. Be2 Nd4 15. Qd2 Kg7 16. Bd1 Rh8 17. Na4 Rhe8 18. Nxb6 axb6
19. f4 gxf4 20. Bf2 Nc6 21. Qe2 Kh7 22. Qf3 Qe6 23. Kh1 Rg8 24. Bb3 Qg4 25. Bg1
Qxf3 26. Rxf3 Rg7 27. Re1 Nd7 28. a3 Nc5 29. Bd1 Ne6 30. Ref1 Ncd4 31. R3f2 Rf8
32. b4 b5 33. cxb5 Nxb5 34. a4 Nbd4 35. Bh5 Rg5 36. Bd1 f5 37. Rb2 Ra8 38. Rbf2
Rag8 39. Rb2 Ra8 40. Rbf2 fxe4 41. dxe4 c5 42. bxc5 dxc5 43. Rb2 Rg7 44. g3
fxg3 45. hxg3 Ng5 46. Re1 c4 47. Rb4 Rc7 48. Be3 c3 49. Bc1 c2 50. Bg4 Ra6 51.
Bf5+ Nxf5 52. exf5 Rd6 53. Kg2 Rd1 54. Rh1 Rcd7 55. Rf1 Kg8 56. Ba3 R7d2+ 57.
Rf2 Rxf2+ 58. Kxf2 Ra1 59. Rc4 Rxa3 60. Rxc2 Ne4+ 61. Kg2 Rxg3+ 62. Kh2 Re3 63.
Rc7 Nd6 64. f6 Rf3 65. Re7 Nf7 66. Rxb7 Rxf6 67. Ra7 Kg7 68. Kg3 Rb6 69. a5 Rb4
70. a6 Ra4 71. Ra8 Kf6 72. a7 h5 73. Kf2 Kf5 74. Kg2 h4 75. Kf2 Kf4 76. Kg2
Ra2+ 77. Kh3 Ng5+ 78. Kxh4 Rh2# 0-1